She Wrote Him Quiz Stats

 Plays Quiz Updated Jul 21, 2015

Challenge
Share
Tweet
Score 0/25 Timer 06:00
5 Plays Today
% Correct
J.K. Rowling
98.4%
Harper Lee
93.3%
Mary Shelley
92.8%
Beatrix Potter
87.1%
Agatha Christie
84.2%
Emily Brontë
83.1%
Stephenie Meyer
82.2%
Margaret Mitchell
76.3%
E. L. James
74.6%
Suzanne Collins
73.1%
‎Murasaki Shikibu
72.6%
Jane Austen
61.6%
Virginia Woolf
57%
% Correct
Daphne du Maurier
53%
Edith Wharton
47.7%
Anne Rice
44.7%
Ayn Rand
44.1%
Harriet Beecher Stowe
41.4%
George Eliot
34.3%
Louisa May Alcott
34.1%
Helen Fielding
33.9%
Margaret Atwood
25%
Ursula Le Guin
19.6%
Diana Wynne Jones
19.1%
Toni Morrison
18.9%

You're not logged in!

Compare scores with friends on all Sporcle quizzes.
Join for Free
OR
Log In

You Might Also Like...

Show Comments

Extras

Top Quizzes Today


Score Distribution

Your Account Isn't Verified!

In order to create a playlist on Sporcle, you need to verify the email address you used during registration. Go to your Sporcle Settings to finish the process.

Report this User

Report this user for behavior that violates our Community Guidelines.

Details: